|
|
|
|
| LEADER |
00000nam0a2200000 4500 |
| 001 |
68867 |
| 005 |
20231101212417.0 |
| 010 |
|
|
|a 593913050X
|
| 035 |
|
|
|a (RuTPU)RU\TPU\book\73336
|
| 090 |
|
|
|a 68867
|
| 100 |
|
|
|a 20041012d2003 m y0rusy50 ca
|
| 101 |
0 |
|
|a rus
|
| 102 |
|
|
|a RU
|
| 105 |
|
|
|a a j 001zy
|
| 200 |
1 |
|
|a Оборудование пищевых производств. Материаловедение
|e учебник
|f Ю. П. Солнцев [и др.]
|
| 210 |
|
|
|a СПб.
|c Профессия
|d 2003
|
| 215 |
|
|
|a 525 с.
|c ил.
|
| 225 |
1 |
|
|a Специалист
|
| 320 |
|
|
|a Библиогр.: с . 521-525.
|
| 606 |
1 |
|
|a Пищевые предприятия
|x Оборудование
|x Эксплуатация
|2 stltpush
|3 (RuTPU)RU\TPU\subj\73453
|9 86454
|
| 610 |
1 |
|
|a пищевая промышленность
|
| 610 |
1 |
|
|a материалы
|
| 610 |
1 |
|
|a железо
|
| 610 |
1 |
|
|a сплавы
|
| 610 |
1 |
|
|a сталь
|
| 610 |
1 |
|
|a термическая обработка
|
| 610 |
1 |
|
|a конструкционные стали
|
| 610 |
1 |
|
|a инструментальные стали
|
| 610 |
1 |
|
|a коррозия
|
| 610 |
1 |
|
|a коррозионностойкие материалы
|
| 610 |
1 |
|
|a жаростойкие стали
|
| 610 |
1 |
|
|a жаропрочные стали
|
| 610 |
1 |
|
|a алюминий
|
| 610 |
1 |
|
|a титан
|
| 610 |
1 |
|
|a медь
|
| 610 |
1 |
|
|a порошковые материалы
|
| 610 |
1 |
|
|a композиционные материалы
|
| 610 |
1 |
|
|a неметаллические материалы
|
| 610 |
1 |
|
|a продовольственное машиностроение
|
| 610 |
1 |
|
|a покрытия
|
| 610 |
1 |
|
|a упаковочные материалы
|
| 610 |
1 |
|
|a учебники
|
| 610 |
1 |
|
|a керамика
|
| 610 |
1 |
|
|a хладостойкие материалы
|
| 675 |
|
|
|a 663/664(075.8)
|v 3
|
| 701 |
|
1 |
|a Солнцев
|b Ю. П.
|
| 701 |
|
1 |
|a Жавнер
|b В. Л.
|
| 701 |
|
1 |
|a Вологжанина
|b С. А.
|
| 701 |
|
1 |
|a Горлач
|b Р. В.
|
| 801 |
|
1 |
|a RU
|b 63413507
|c 20041012
|g PSBO
|
| 801 |
|
2 |
|a RU
|b 63413507
|c 20141215
|g PSBO
|
| 900 |
|
|
|a Материаловедение...
|
| 900 |
|
|
|a Биохимия и основы гигиены питания
|
| 900 |
|
|
|a Биохимия
|
| 900 |
|
|
|a Основы химической технологии...
|
| 942 |
|
|
|c BK
|
| 951 |
|
|
|a 550800
|b 072500
|
| 959 |
|
|
|a 128/20041011
|d 2
|e 176
|f НФ:2
|